| 000 | 00515nam a2200181Ia 4500 | ||
|---|---|---|---|
| 999 |
_c16793 _d16793 |
||
| 003 | OSt | ||
| 005 | 20200606120008.0 | ||
| 008 | 190216s9999||||xx |||||||||||||| ||und|| | ||
| 020 | _a8188028118 | ||
| 040 | _cMESKC library | ||
| 082 |
_a891.433 _bKAL/K |
||
| 100 |
_aKalidaspraneeth _9110 |
||
| 245 | 0 |
_aKalidaas Ki Amar Rachnayen / _cKalidaspraneeth |
|
| 260 |
_bSuruchi Sahithya, _c2010. _aDelhi: |
||
| 300 | _a248p | ||
| 650 | _aHindi | ||
| 942 |
_cBK _2ddc _h891.433 _iKAL/K _k891.433 _mKAL/K |
||